[Event "c14"]
[Site "?"]
[Date "2020.08.25"]
[Round "1.2"]
[White "Karolczuk, Iwo"]
[Black "Kotowicz, Kamil"]
[Result "1-0"]
[BlackElo "1435"]
[WhiteElo "1951"]
[LiveChessVersion "1.4.8"]

1. Nf3 e6 2. d4 d5 3. c4 f5 4. e3 c6 5. b3 Nf6 6. Bd3 Bd6 7. O-O O-O 8. Ba3 Ne4
9. Bxd6 Qxd6 10. Ne5 Nd7 11. f4 Qe7 12. Nxd7 Bxd7 13. Bxe4 fxe4 14. c5 Rf6 15.
Nc3 Rh6 16. g3 Rf8 17. Qe2 Rg6 18. b4 e5 19. fxe5 Bg4 20. Rxf8+ Qxf8 21. Qf2 Bf3
22. Ne2 Rh6 23. a4 g5 24. b5 Rg6 25. Rb1 h5 26. a5 h4 27. a6 bxa6 28. bxc6 Rxc6
29. Nc3 Qf7 30. Qa2 hxg3 31. Qxd5 gxh2+ 32. Kxh2 Rh6+ 33. Kg3 g4 34. Rb8+ Kg7 35.
Qxf7+ Kxf7 36. Rb7+ Ke8 37. Kf4 1-0

[Event "c14"]
[Site "?"]
[Date "2020.08.25"]
[Round "1.3"]
[White "Jarocki, Gabriel"]
[Black "Chyzy, Jakub"]
[Result "0-1"]
[BlackElo "1930"]
[WhiteElo "1424"]
[LiveChessVersion "1.4.8"]

1. e4 {[%clk 0:15:19]} Nf6 {[%clk 0:15:19]} 2. Nc3 {[%clk 0:15:26]} e5
{[%clk 0:15:24]} 3. Nf3 {[%clk 0:15:33]} Nc6 {[%clk 0:15:34]} 4. Bb5
{[%clk 0:15:41]} Bb4 {[%clk 0:15:43]} 5. d3 {[%clk 0:15:47]} d6 {[%clk 0:15:37]}
6. h3 {[%clk 0:15:52]} O-O {[%clk 0:15:45]} 7. O-O {[%clk 0:16:00]} a6
{[%clk 0:15:38]} 8. Bc4 {[%clk 0:16:00]} b5 {[%clk 0:15:44]} 9. Bb3 Na5
{[%clk 0:14:59]} 10. Bg5 {[%clk 0:15:46]} Nxb3 {[%clk 0:15:02]} 11. axb3
{[%clk 0:15:54]} Be6 {[%clk 0:15:02]} 12. Ne2 {[%clk 0:15:48]} h6
{[%clk 0:15:05]} 13. Bd2 {[%clk 0:15:46]} Bxd2 {[%clk 0:14:49]} 14. Qxd2
{[%clk 0:15:53]} Nh5 {[%clk 0:14:47]} 15. Kh2 {[%clk 0:13:59]} f5
{[%clk 0:14:13]} 16. exf5 {[%clk 0:13:40]} Rxf5 {[%clk 0:13:33]} 17. Ng3
{[%clk 0:12:55]} Rxf3 {[%clk 0:12:34]} 18. Nxh5 {[%clk 0:10:25]} Qh4
{[%clk 0:11:11]} 19. Ng3 {[%clk 0:10:12]} Rf4 {[%clk 0:10:30]} 20. Rae1
{[%clk 0:08:52]} Raf8 {[%clk 0:10:18]} 21. f3 {[%clk 0:06:50]} R8f6
{[%clk 0:05:31]} 22. Qf2 {[%clk 0:05:58]} Rxf3 {[%clk 0:04:57]} 23. Qxf3
{[%clk 0:06:06]} Rxf3 {[%clk 0:05:05]} 24. Rxf3 {[%clk 0:06:14]} Bd5
{[%clk 0:05:08]} 25. Rf2 {[%clk 0:06:10]} Kh7 {[%clk 0:04:39]} 26. Ref1
{[%clk 0:05:46]} Qd4 {[%clk 0:04:14]} 27. Nf5 {[%clk 0:04:20]} Qc5
{[%clk 0:04:04]} 28. Ne7 {[%clk 0:04:09]} Be6 {[%clk 0:04:02]} 29. Nf5
{[%clk 0:03:27]} Bxf5 {[%clk 0:04:11]} 30. Rxf5 {[%clk 0:03:35]} Qxc2
{[%clk 0:04:20]} 31. Rf7 {[%clk 0:03:29]} Qxd3 {[%clk 0:04:11]} 32. R1f3
{[%clk 0:03:35]} Qd5 {[%clk 0:03:34]} 33. Rxc7 {[%clk 0:03:39]} e4
{[%clk 0:03:38]} 34. Rff7 {[%clk 0:03:36]} Qe5+ {[%clk 0:03:47]} 35. Kh1
{[%clk 0:03:33]} Qxb2 {[%clk 0:03:35]} 36. Rcd7 {[%clk 0:03:35]} e3
{[%clk 0:03:29]} 37. Rfe7 {[%clk 0:03:40]} e2 {[%clk 0:03:33]} 38. Kh2
{[%clk 0:03:40]} Qe5+ {[%clk 0:03:37]} 39. Rxe5 {[%clk 0:03:24]} dxe5
{[%clk 0:03:46]} 40. Rd6 {[%clk 0:03:24]} e1=Q {[%clk 0:03:53]} 41. Rxa6
{[%clk 0:03:32]} e4 {[%clk 0:04:02]} 42. Rb6 {[%clk 0:03:35]} e3 {[%clk 0:04:08]}
43. Rxb5 {[%clk 0:03:38]} Qc3 {[%clk 0:04:12]} 44. Rb8 {[%clk 0:03:36]} Qe5+
{[%clk 0:04:19]} 0-1

[Event "c14"]
[Site "?"]
[Date "2020.08.25"]
[Round "1.4"]
[White "Wojdak, Jan"]
[Black "Przybylski, Bartosz"]
[Result "1-0"]
[BlackElo "1424"]
[WhiteElo "1917"]
[LiveChessVersion "1.4.8"]

1. e4 e6 2. d4 d5 3. Nd2 Nf6 4. e5 Nfd7 5. Bd3 c5 6. c3 Nc6 7. Ne2 Be7 8. O-O O-O
9. f4 f6 10. Nf3 fxe5 11. fxe5 cxd4 12. cxd4 Qb6 13. Kh1 Qa5 14. Nf4 Nb6 15. Qc2
g6 16. Bxg6 hxg6 17. Qxg6+ Kh8 {[%clk 0:15:10]} 18. Nh5 {[%clk 0:11:55]} 1-0

[Event "c14"]
[Site "?"]
[Date "2020.08.25"]
[Round "1.5"]
[White "Tarawski, Adrian"]
[Black "Fiszer, Bartosz"]
[Result "0-1"]
[BlackElo "1890"]
[WhiteElo "1410"]
[LiveChessVersion "1.4.8"]

1. d4 Nf6 2. Bf4 d5 3. e3 g6 4. Nf3 Bg7 5. Nbd2 O-O 6. Bd3 c5 7. c3 Nc6 8. h4 Bg4
9. b3 Nh5 10. Bh2 e5 11. dxe5 Nxe5 12. Qc2 Nxd3+ 13. Qxd3 Bf5 14. Qb5 Bxc3 15.
Rc1 d4 16. Qxb7 Bxd2+ 17. Nxd2 dxe3 18. fxe3 Qxh4+ 19. Ke2 Rad8 20. Nf3 Bd3+ 21.
Kd2 Be4+ 22. Ke2 Rd2+ 23. Kxd2 Qf2+ 24. Kc3 Bxb7 0-1

[Event "c14"]
[Site "?"]
[Date "2020.08.25"]
[Round "1.6"]
[White "Malinowski, Szymon"]
[Black "Krupinski, Mikolaj"]
[Result "0-1"]
[BlackElo "1396"]
[WhiteElo "1844"]
[LiveChessVersion "1.4.8"]

1. d4 {[%clk 0:15:19]} f5 {[%clk 0:15:16]} 2. Nf3 {[%clk 0:15:27]} Nf6
{[%clk 0:15:22]} 3. Bf4 {[%clk 0:15:28]} d6 {[%clk 0:15:25]} 4. e3
{[%clk 0:15:33]} g6 {[%clk 0:15:30]} 5. Bd3 {[%clk 0:15:24]} Bg7 {[%clk 0:15:03]}
6. Nbd2 {[%clk 0:15:24]} O-O 7. O-O {[%clk 0:15:14]} Qe8 {[%clk 0:12:49]} 8. c3
{[%clk 0:15:01]} h6 {[%clk 0:11:27]} 9. h4 {[%clk 0:14:38]} Nh5 {[%clk 0:10:48]}
10. Bh2 {[%clk 0:12:16]} e5 11. Be2 {[%clk 0:10:53]} Qe7 {[%clk 0:08:55]} 12.
dxe5 {[%clk 0:10:53]} dxe5 {[%clk 0:08:54]} 13. Nc4 {[%clk 0:11:00]} Nc6
{[%clk 0:08:40]} 14. Ncxe5 {[%clk 0:09:37]} Bxe5 {[%clk 0:08:04]} 15. Nxe5
{[%clk 0:09:07]} Nxe5 {[%clk 0:08:12]} 16. Qd5+ {[%clk 0:09:14]} Nf7
{[%clk 0:08:20]} 17. Bxh5 gxh5 18. e4 {[%clk 0:06:57]} Qxe4 {[%clk 0:07:37]} 19.
Qc5 {[%clk 0:06:34]} c6 {[%clk 0:06:11]} 20. Rfe1 {[%clk 0:06:19]} Qxh4
{[%clk 0:06:09]} 21. Rad1 {[%clk 0:06:00]} f4 {[%clk 0:04:52]} 22. Rd4
{[%clk 0:05:46]} Qg5 {[%clk 0:04:57]} 23. Qc4 {[%clk 0:04:36]} f3
{[%clk 0:04:04]} 24. Bg3 {[%clk 0:04:41]} Qb5 {[%clk 0:03:23]} 25. Qxb5
{[%clk 0:04:48]} cxb5 {[%clk 0:03:32]} 26. gxf3 {[%clk 0:04:56]} Ng5 0-1

[Event "c14"]
[Site "?"]
[Date "2020.08.25"]
[Round "1.7"]
[White "Zalega, Maciej"]
[Black "Malek, Jan"]
[Result "0-1"]
[BlackElo "1843"]
[WhiteElo "1380"]
[LiveChessVersion "1.4.8"]

1. e4 {[%clk 0:15:16]} d6 {[%clk 0:15:09]} 2. d4 {[%clk 0:15:22]} Nf6
{[%clk 0:15:17]} 3. Nc3 {[%clk 0:15:30]} Nbd7 {[%clk 0:15:25]} 4. Be3
{[%clk 0:14:52]} e5 {[%clk 0:15:33]} 5. f3 {[%clk 0:14:39]} c6 {[%clk 0:15:17]}
6. Qd2 {[%clk 0:14:05]} b5 {[%clk 0:15:15]} 7. d5 {[%clk 0:13:20]} cxd5
{[%clk 0:14:03]} 8. Nxd5 {[%clk 0:13:14]} a6 {[%clk 0:13:23]} 9. O-O-O
{[%clk 0:13:13]} Bb7 {[%clk 0:13:31]} 10. Nxf6+ {[%clk 0:13:08]} gxf6
{[%clk 0:12:18]} 11. Ne2 {[%clk 0:12:15]} f5 {[%clk 0:11:48]} 12. exf5
{[%clk 0:11:36]} d5 {[%clk 0:11:57]} 13. Nc3 {[%clk 0:09:08]} Bb4
{[%clk 0:09:46]} 14. a3 {[%clk 0:07:38]} Bxc3 {[%clk 0:09:49]} 15. Qxc3
{[%clk 0:07:33]} Rc8 {[%clk 0:09:52]} 16. Qd2 {[%clk 0:07:03]} Qc7
{[%clk 0:05:58]} 17. f4 {[%clk 0:05:21]} d4 {[%clk 0:05:41]} 18. Bg1
{[%clk 0:03:51]} Be4 {[%clk 0:04:35]} 19. Bd3 {[%clk 0:03:53]} Bxd3
{[%clk 0:04:44]} 20. Qxd3 {[%clk 0:03:28]} Nc5 {[%clk 0:04:52]} 21. Qe2
{[%clk 0:01:15]} d3 {[%clk 0:05:02]} 22. Rxd3 {[%clk 0:01:24]} Nxd3+
{[%clk 0:05:11]} 23. Qxd3 {[%clk 0:01:34]} Qc4 {[%clk 0:03:35]} 24. Qxc4
{[%clk 0:00:46]} Rxc4 {[%clk 0:03:43]} 25. fxe5 {[%clk 0:00:51]} Rg8
{[%clk 0:03:52]} 26. g3 {[%clk 0:00:38]} Re4 {[%clk 0:03:59]} 27. e6
{[%clk 0:00:38]} fxe6 {[%clk 0:03:57]} 28. fxe6 {[%clk 0:00:48]} Re1+
{[%clk 0:04:01]} 29. Kd2 {[%clk 0:00:51]} Rb1 {[%clk 0:04:09]} 30. Ke2
{[%clk 0:00:20]} Rg6 {[%clk 0:04:17]} 31. Kf3 {[%clk 0:00:22]} Rxe6
{[%clk 0:04:24]} 0-1

[Event "c14"]
[Site "?"]
[Date "2020.08.25"]
[Round "1.8"]
[White "Paprocki, Antoni"]
[Black "Wydmanski, Szymon"]
[Result "1-0"]
[BlackElo "1362"]
[WhiteElo "1843"]
[LiveChessVersion "1.4.8"]

1. d4 {[%clk 0:15:18]} Nf6 {[%clk 0:15:16]} 2. c4 {[%clk 0:15:27]} c5
{[%clk 0:15:24]} 3. d5 {[%clk 0:15:36]} e6 {[%clk 0:15:31]} 4. Nc3
{[%clk 0:15:43]} exd5 {[%clk 0:15:39]} 5. cxd5 {[%clk 0:15:52]} d6
{[%clk 0:15:47]} 6. Nf3 {[%clk 0:16:00]} g6 {[%clk 0:15:53]} 7. g3
{[%clk 0:15:42]} Bg7 {[%clk 0:15:52]} 8. Bg2 {[%clk 0:15:50]} O-O
{[%clk 0:15:53]} 9. O-O {[%clk 0:15:57]} Re8 {[%clk 0:15:26]} 10. Re1
{[%clk 0:15:53]} a6 {[%clk 0:15:07]} 11. a4 {[%clk 0:16:01]} Bg4 {[%clk 0:12:51]}
12. e4 {[%clk 0:14:56]} Nbd7 {[%clk 0:12:21]} 13. Qc2 {[%clk 0:14:10]} Bxf3
{[%clk 0:12:25]} 14. Bxf3 {[%clk 0:14:18]} Ne5 {[%clk 0:11:42]} 15. Bg2
{[%clk 0:14:26]} c4 {[%clk 0:11:36]} 16. h3 {[%clk 0:11:59]} Nd3 {[%clk 0:09:58]}
17. Rf1 {[%clk 0:11:28]} Nd7 {[%clk 0:07:28]} 18. Be3 {[%clk 0:10:50]} N7c5
{[%clk 0:06:57]} 19. Bxc5 {[%clk 0:08:37]} Nxc5 {[%clk 0:06:58]} 20. Nd1
{[%clk 0:04:01]} b5 {[%clk 0:04:48]} 21. axb5 {[%clk 0:03:31]} axb5
{[%clk 0:04:23]} 22. Nc3 {[%clk 0:03:40]} Qb6 {[%clk 0:03:47]} 23. Kh2
{[%clk 0:03:25]} Nb3 {[%clk 0:03:36]} 24. Rxa8 {[%clk 0:03:30]} Rxa8
{[%clk 0:03:44]} 25. f4 {[%clk 0:03:40]} Nd4 {[%clk 0:03:00]} 26. Qf2
{[%clk 0:03:42]} Qc7 {[%clk 0:02:09]} 27. e5 {[%clk 0:03:39]} Qc5
{[%clk 0:01:08]} 28. Ne4 {[%clk 0:03:20]} Qa7 {[%clk 0:00:31]} 29. Nxd6
{[%clk 0:03:23]} Nb3 {[%clk 0:00:34]} 30. Qxa7 {[%clk 0:03:19]} Rxa7
{[%clk 0:00:43]} 31. Nxb5 {[%clk 0:03:28]} Ra2 {[%clk 0:00:45]} 32. Rf2
{[%clk 0:02:09]} Bf8 {[%clk 0:00:44]} 33. d6 {[%clk 0:02:17]} Ra5
{[%clk 0:00:31]} 34. Nc7 {[%clk 0:02:00]} Nc5 {[%clk 0:00:37]} 35. Nd5
{[%clk 0:01:53]} Nd3 {[%clk 0:00:35]} 36. d7 {[%clk 0:01:48]} 1-0

[Event "c14"]
[Site "?"]
[Date "2020.08.25"]
[Round "1.9"]
[White "Doskocz, Karol"]
[Black "Kutowski, Marcel"]
[Result "0-1"]
[BlackElo "1819"]
[WhiteElo "1360"]
[LiveChessVersion "1.4.8"]

1. c4 {[%clk 0:15:19]} c5 {[%clk 0:15:18]} 2. Nc3 {[%clk 0:15:27]} g6
{[%clk 0:15:27]} 3. g3 {[%clk 0:15:35]} Bg7 {[%clk 0:15:35]} 4. Bg2
{[%clk 0:15:44]} Nc6 {[%clk 0:15:43]} 5. e3 {[%clk 0:15:49]} e5 {[%clk 0:15:09]}
6. a3 {[%clk 0:15:48]} Nge7 {[%clk 0:14:21]} 7. Nge2 {[%clk 0:15:24]} d6
{[%clk 0:14:22]} 8. O-O {[%clk 0:14:47]} O-O {[%clk 0:14:23]} 9. d3
{[%clk 0:14:10]} Be6 {[%clk 0:14:14]} 10. Qc2 {[%clk 0:13:19]} Rc8
{[%clk 0:12:58]} 11. Bd2 {[%clk 0:12:45]} d5 {[%clk 0:12:38]} 12. cxd5
{[%clk 0:12:35]} Nxd5 {[%clk 0:12:41]} 13. Nxd5 {[%clk 0:11:12]} Bxd5
{[%clk 0:12:50]} 14. Nc3 {[%clk 0:09:47]} Bxg2 {[%clk 0:12:57]} 15. Kxg2
{[%clk 0:09:55]} b6 {[%clk 0:12:22]} 16. Qb1 {[%clk 0:08:48]} Qd7
{[%clk 0:11:05]} 17. Rd1 {[%clk 0:08:31]} Rcd8 {[%clk 0:09:53]} 18. Be1
{[%clk 0:08:39]} f5 {[%clk 0:09:40]} 19. e4 {[%clk 0:05:28]} f4 {[%clk 0:09:03]}
20. Nd5 {[%clk 0:04:49]} f3+ {[%clk 0:08:25]} 21. Kg1 {[%clk 0:04:47]} Qh3
{[%clk 0:08:24]} 22. Ne3 {[%clk 0:04:53]} Bh6 {[%clk 0:08:25]} 23. Rd2
{[%clk 0:04:32]} Nd4 {[%clk 0:08:05]} 24. Qd1 {[%clk 0:04:25]} Ne2+
{[%clk 0:07:53]} 25. Rxe2 {[%clk 0:04:25]} fxe2 {[%clk 0:08:01]} 26. Qxe2
{[%clk 0:04:29]} Rf7 {[%clk 0:06:57]} 27. Bc3 {[%clk 0:03:29]} Bxe3
{[%clk 0:06:50]} 28. Qxe3 {[%clk 0:03:25]} Qe6 {[%clk 0:06:57]} 29. Qg5
{[%clk 0:02:24]} Rxd3 {[%clk 0:05:38]} 30. Qxe5 {[%clk 0:01:46]} Qxe5
{[%clk 0:05:36]} 31. Bxe5 {[%clk 0:01:54]} Re7 {[%clk 0:05:44]} 32. f4
{[%clk 0:01:15]} Re3 {[%clk 0:04:22]} 33. Kf2 {[%clk 0:00:53]} Rxe4
{[%clk 0:03:52]} 34. b3 {[%clk 0:00:56]} Rf7 {[%clk 0:03:15]} 35. Kg1
{[%clk 0:00:15]} Re3 {[%clk 0:03:19]} 36. b4 {[%clk 0:00:23]} c4 {[%clk 0:02:06]}
37. Rc1 {[%clk 0:00:20]} b5 {[%clk 0:02:09]} 38. a4 {[%clk 0:00:27]} a6
{[%clk 0:02:17]} 39. axb5 {[%clk 0:00:15]} axb5 {[%clk 0:02:26]} 40. Bd4
{[%clk 0:00:14]} Rd3 {[%clk 0:02:31]} 41. Bc5 {[%clk 0:00:22]} Rfd7
{[%clk 0:02:30]} 42. Kg2 {[%clk 0:00:22]} Rd2+ {[%clk 0:02:28]} 43. Kh3
{[%clk 0:00:21]} Re2 {[%clk 0:02:15]} 44. Ra1 {[%clk 0:00:14]} c3
{[%clk 0:02:09]} 45. Ra8+ {[%clk 0:00:14]} Kg7 {[%clk 0:02:16]} 46. Rb8
{[%clk 0:00:11]} c2 {[%clk 0:02:18]} 47. Bf8+ {[%clk 0:00:11]} Kf7
{[%clk 0:02:26]} 48. Rc8 {[%clk 0:00:12]} Rd1 {[%clk 0:02:20]} 49. Bc5
{[%clk 0:00:11]} c1=Q {[%clk 0:02:06]} 50. Rc7+ {[%clk 0:00:12]} Ke8
{[%clk 0:02:13]} 51. Rc8+ {[%clk 0:00:17]} Rd8 {[%clk 0:02:21]} 52. Rc7
{[%clk 0:00:22]} Qh1 {[%clk 0:02:25]} 53. Rg7 {[%clk 0:00:22]} Qxh2+
{[%clk 0:02:30]} 54. Kg4 {[%clk 0:00:30]} Qh5# {[%clk 0:02:38]} 0-1

[Event "c14"]
[Site "?"]
[Date "2020.08.25"]
[Round "1.10"]
[White "Trzebinski, Patryk"]
[Black "Labedzki, Kamil"]
[Result "1-0"]
[BlackElo "1344"]
[WhiteElo "1815"]
[LiveChessVersion "1.4.8"]

1. e4 {[%clk 0:15:18]} e5 {[%clk 0:15:16]} 2. Nf3 {[%clk 0:15:27]} Nc6
{[%clk 0:15:23]} 3. Bc4 {[%clk 0:15:35]} Bc5 {[%clk 0:15:19]} 4. b4
{[%clk 0:15:44]} Bxb4 {[%clk 0:14:49]} 5. c3 {[%clk 0:15:53]} Be7
{[%clk 0:13:41]} 6. d4 {[%clk 0:16:00]} Na5 {[%clk 0:10:10]} 7. Nxe5
{[%clk 0:15:59]} Nxc4 {[%clk 0:09:51]} 8. Nxc4 {[%clk 0:16:06]} d5
{[%clk 0:10:00]} 9. exd5 {[%clk 0:16:12]} Qxd5 {[%clk 0:10:04]} 10. Ne3
{[%clk 0:16:19]} Qe4 {[%clk 0:06:04]} 11. Nd2 {[%clk 0:16:04]} Qc6
{[%clk 0:04:32]} 12. c4 {[%clk 0:15:50]} Bg5 {[%clk 0:03:27]} 13. O-O
{[%clk 0:15:15]} Qh6 {[%clk 0:02:51]} 14. Nd5 {[%clk 0:14:36]} Bd8
{[%clk 0:01:26]} 15. Re1+ {[%clk 0:14:37]} Be6 {[%clk 0:01:33]} 16. Ne4
{[%clk 0:14:26]} Qg6 {[%clk 0:00:29]} 17. Nc5 {[%clk 0:14:24]} c6
{[%clk 0:00:20]} 18. Nf4 {[%clk 0:14:15]} Qf5 {[%clk 0:00:17]} 19. Nfxe6
{[%clk 0:14:22]} fxe6 {[%clk 0:00:25]} 20. Nxe6 {[%clk 0:14:30]} Kf7
{[%clk 0:00:22]} 21. g4 {[%clk 0:13:40]} Qg6 {[%clk 0:00:20]} 22. Qf3+
{[%clk 0:13:43]} Nf6 {[%clk 0:00:29]} 23. g5 {[%clk 0:13:02]} Ba5
{[%clk 0:00:26]} 24. Re5 1-0

[Event "c14"]
[Site "?"]
[Date "2020.08.25"]
[Round "1.11"]
[White "Butkiewicz, Piotr"]
[Black "Kejna, Piotr"]
[Result "0-1"]
[BlackElo "1812"]
[WhiteElo "1331"]
[LiveChessVersion "1.4.8"]

1. e4 {[%clk 0:15:18]} c5 {[%clk 0:15:20]} 2. Nf3 {[%clk 0:15:26]} d6
{[%clk 0:15:29]} 3. d4 {[%clk 0:15:34]} cxd4 {[%clk 0:15:39]} 4. Nxd4
{[%clk 0:15:43]} Nf6 {[%clk 0:15:47]} 5. Nc3 {[%clk 0:15:51]} g6 {[%clk 0:15:57]}
6. Be3 {[%clk 0:15:56]} Bg7 {[%clk 0:16:06]} 7. f3 {[%clk 0:16:04]} Nc6
{[%clk 0:16:15]} 8. Bc4 {[%clk 0:16:12]} O-O {[%clk 0:16:13]} 9. O-O
{[%clk 0:16:12]} Bd7 {[%clk 0:16:20]} 10. Bb3 {[%clk 0:16:21]} a6
{[%clk 0:16:23]} 11. Qd2 {[%clk 0:16:24]} b5 {[%clk 0:16:08]} 12. Nd5
{[%clk 0:16:25]} Nxd5 {[%clk 0:15:54]} 13. Bxd5 {[%clk 0:16:33]} Rc8
{[%clk 0:15:54]} 14. c3 {[%clk 0:16:28]} Ne5 {[%clk 0:15:51]} 15. Rfd1
{[%clk 0:16:13]} Qc7 {[%clk 0:15:43]} 16. Bh6 {[%clk 0:16:10]} Nc4
{[%clk 0:15:20]} 17. Bxc4 {[%clk 0:16:15]} Qxc4 {[%clk 0:15:14]} 18. Bxg7
{[%clk 0:16:22]} Kxg7 {[%clk 0:15:23]} 19. Qd3 {[%clk 0:16:21]} Qc5
{[%clk 0:15:25]} 20. Kh1 {[%clk 0:16:19]} Rb8 {[%clk 0:14:14]} 21. Nb3
{[%clk 0:16:15]} Qc7 {[%clk 0:14:19]} 22. Rac1 {[%clk 0:15:50]} Be6
{[%clk 0:14:15]} 23. Nd4 {[%clk 0:15:40]} Bxa2 {[%clk 0:13:33]} 24. Nc2
{[%clk 0:15:38]} Bb3 {[%clk 0:13:23]} 25. Rd2 {[%clk 0:14:36]} Bxc2
{[%clk 0:12:52]} 26. Rdxc2 {[%clk 0:14:32]} Rfc8 {[%clk 0:13:01]} 27. Ra1
{[%clk 0:14:36]} Rb6 {[%clk 0:13:00]} 28. Rcc1 {[%clk 0:14:21]} Rc6
{[%clk 0:13:00]} 29. h3 {[%clk 0:12:55]} Qb6 {[%clk 0:12:56]} 30. Rd1
{[%clk 0:12:33]} Rc4 {[%clk 0:12:39]} 31. Ra2 {[%clk 0:11:20]} a5
{[%clk 0:09:46]} 32. Rda1 {[%clk 0:11:16]} b4 {[%clk 0:08:47]} 33. Rxa5
{[%clk 0:10:28]} bxc3 {[%clk 0:08:45]} 34. bxc3 {[%clk 0:10:33]} Rxc3
{[%clk 0:08:53]} 35. Qd5 {[%clk 0:10:05]} Qf2 {[%clk 0:08:20]} 36. R5a4
{[%clk 0:08:43]} Qg3 {[%clk 0:05:51]} 37. Qd2 {[%clk 0:08:31]} Rc2
{[%clk 0:05:49]} 38. Qe1 {[%clk 0:07:44]} Qxg2# {[%clk 0:05:56]} 39. Qd1 0-1

[Event "c14"]
[Site "?"]
[Date "2020.08.25"]
[Round "1.12"]
[White "Jeda, Maciej"]
[Black "Kultucki, Kamil"]
[Result "1-0"]
[BlackElo "1331"]
[WhiteElo "1806"]
[LiveChessVersion "1.4.8"]

1. e4 {[%clk 0:15:18]} c5 {[%clk 0:15:19]} 2. Nf3 {[%clk 0:15:26]} Nc6
{[%clk 0:15:27]} 3. d4 {[%clk 0:15:35]} cxd4 {[%clk 0:15:35]} 4. Nxd4
{[%clk 0:15:44]} e5 {[%clk 0:15:43]} 5. Nb5 {[%clk 0:15:35]} d6 {[%clk 0:15:52]}
6. N1c3 {[%clk 0:15:38]} a6 {[%clk 0:16:01]} 7. Na3 {[%clk 0:15:46]} Be7
{[%clk 0:16:08]} 8. Nc4 {[%clk 0:14:52]} b5 {[%clk 0:15:58]} 9. Ne3
{[%clk 0:14:59]} Nf6 {[%clk 0:16:06]} 10. Bd3 {[%clk 0:14:48]} O-O
{[%clk 0:16:11]} 11. O-O {[%clk 0:14:55]} Be6 {[%clk 0:16:19]} 12. Bd2
{[%clk 0:13:49]} d5 {[%clk 0:16:08]} 13. exd5 {[%clk 0:13:22]} Nxd5
{[%clk 0:16:14]} 14. Ncxd5 {[%clk 0:13:10]} Bxd5 {[%clk 0:16:22]} 15. Nxd5
{[%clk 0:13:18]} Qxd5 {[%clk 0:16:30]} 16. Be3 {[%clk 0:11:34]} f5
{[%clk 0:16:02]} 17. Bxf5 {[%clk 0:11:09]} Qxd1 {[%clk 0:15:58]} 18. Be6+
{[%clk 0:11:17]} Kh8 {[%clk 0:16:06]} 19. Raxd1 {[%clk 0:11:25]} Rf6
{[%clk 0:15:53]} 20. Bg4 {[%clk 0:10:27]} Rd8 {[%clk 0:15:24]} 21. Rxd8+
{[%clk 0:10:16]} Bxd8 {[%clk 0:15:27]} 22. Rd1 {[%clk 0:10:19]} Rf8
{[%clk 0:15:31]} 23. Rd6 {[%clk 0:09:02]} Nb4 {[%clk 0:15:21]} 24. c3
{[%clk 0:08:54]} Nc2 {[%clk 0:15:17]} 25. Bc1 {[%clk 0:05:16]} Bh4
{[%clk 0:14:26]} 26. g3 {[%clk 0:05:14]} Be7 {[%clk 0:14:34]} 27. Rd2
{[%clk 0:04:19]} Ne1 {[%clk 0:14:38]} 28. Rd1 {[%clk 0:03:24]} Nf3+
{[%clk 0:14:38]} 29. Bxf3 {[%clk 0:03:32]} Rxf3 {[%clk 0:14:46]} 30. Rd7
{[%clk 0:03:35]} Bc5 {[%clk 0:14:51]} 31. Be3 {[%clk 0:03:27]} Bf8
{[%clk 0:14:38]} 32. Ra7 {[%clk 0:03:03]} Rf6 {[%clk 0:14:38]} 33. Ra8
{[%clk 0:02:55]} h6 {[%clk 0:14:32]} 34. Bc5 {[%clk 0:03:01]} Kg8
{[%clk 0:14:40]} 35. Bxf8 {[%clk 0:03:10]} Rxf8 {[%clk 0:14:48]} 36. Rxa6
{[%clk 0:03:18]} Rd8 {[%clk 0:14:53]} 37. Rb6 {[%clk 0:02:20]} Ra8
{[%clk 0:14:57]} 38. a3 {[%clk 0:02:18]} Ra5 {[%clk 0:14:53]} 39. Re6
{[%clk 0:02:24]} Kf7 {[%clk 0:14:50]} 40. Rxe5 {[%clk 0:02:32]} Kf6
{[%clk 0:14:56]} 41. Rc5 {[%clk 0:02:39]} Ke6 {[%clk 0:15:03]} 42. c4
{[%clk 0:02:44]} Kd5 1-0

[Event "c14"]
[Site "?"]
[Date "2020.08.25"]
[Round "2.1"]
[White "Klimkowski, Jan"]
[Black "Blazniak, Bartlomiej"]
[Result "1-0"]
[BlackElo "1579"]
[WhiteElo "1998"]
[LiveChessVersion "1.4.8"]

1. d4 d5 2. c4 e6 3. Nc3 Nf6 4. cxd5 exd5 5. Bg5 Be7 6. e3 c6 7. Bd3 h6 8. Bh4
O-O 9. Nge2 Ne8 10. Bxe7 Qxe7 11. O-O Nd6 12. Qc2 f5 13. Rae1 Nd7 14. b4 a6 15.
Na4 b5 16. Nc5 Nxc5 17. dxc5 Ne4 18. f3 Ng5 19. Nd4 Qf6 20. Nb3 Bd7 21. Qc1 Ne6
22. Qa1 Qh4 23. f4 Nd8 24. g3 Qe7 25. Qb2 Nb7 26. Nd4 a5 27. a3 a4 28. Nf3 Nd8
29. Ne5 Kh7 30. Qc2 Rf6 31. g4 g6 32. Qb2 Bc8 33. Kh1 fxg4 34. e4 dxe4 35. Bxe4
Qf8 36. Qc2 Bf5 37. Bxf5 gxf5 38. Nd7 Qf7 39. Nxf6+ Qxf6 40. Re8 g3 41. hxg3 Qf7
42. Qe2 1-0

[Event "c14"]
[Site "?"]
[Date "2020.08.25"]
[Round "2.2"]
[White "Bury, Milosz"]
[Black "Karolczuk, Iwo"]
[Result "0-1"]
[BlackElo "1951"]
[WhiteElo "1562"]
[LiveChessVersion "1.4.8"]

1. e4 c5 2. Nf3 e6 3. c3 Nf6 4. e5 Nd5 5. d4 cxd4 6. cxd4 d6 7. Bc4 Nc6 8. O-O
Be7 9. Nc3 Nxc3 10. bxc3 dxe5 11. Nxe5 Nxe5 12. dxe5 Qxd1 13. Rxd1 Bd7 14. Be3
Bc6 15. Rd2 O-O 16. f3 Rfc8 17. Be2 Bd5 18. c4 Bxc4 19. Bxc4 Rxc4 20. Rd7 Bc5 21.
Bxc5 Rxc5 22. Rad1 g5 23. Rxb7 Rxe5 24. Rdd7 Rf5 25. Rxa7 Rb8 26. a4 g4 27. Rd3
Rb2 28. Rad7 gxf3 29. Rxf3 Rb1+ 30. Kf2 Rb2+ 31. Kg1 Rxf3 32. gxf3 Ra2 33. Rd4 f5
34. Rc4 Kf7 35. Rc7+ Kg6 36. Re7 Rxa4 37. Rxe6+ Kg5 38. Re3 Kf4 39. Kf2 Ra2+ 40.
Re2 Ra3 41. Re7 h5 42. Rc7 Rxf3+ 43. Kg2 Ra3 44. Rc4+ Kg5 45. Rb4 Ra2+ 46. Kh3
Ra3+ 47. Kg2 Ra5 48. Kg3 h4+ 49. Kh3 Ra3+ 50. Kg2 Rc3 51. Rd4 Re3 52. Rb4 Rd3 53.
Rc4 Rd2+ 54. Kh3 Rd3+ 55. Kg2 f4 56. Rc7 Rd2+ 57. Kf3 Rd3+ 58. Kg2 f3+ 59. Kf2
Kg4 60. Rc4+ Kh3 61. Rf4 Rd2+ 62. Kxf3 Rxh2 63. Rg4 Rh1 64. Rg6 Rf1+ 65. Ke2 Rf8
66. Rg7 Kh2 67. Rg6 Rf7 68. Rg5 Rb7 69. Kf2 Rb2+ 70. Kf3 Rb3+ 71. Kf2 Rg3 72. Rh5
h3 73. Rh6 Rg2+ 74. Kf3 Rg3+ 75. Kf2 Ra3 76. Rg6 Ra2+ 77. Kf1 Rg2 78. Rh6 Rg5 79.
Kf2 Rf5+ 80. Ke2 Kg2 81. Rg6+ Kh1 82. Rg7 h2 83. Rg6 Ra5 84. Kf2 Ra1 85. Rg7 Rg1
86. Rh7 Rg2+ 87. Kf1 Rg6 88. Kf2 Rf6+ 89. Ke2 Rf4 90. Rh8 Kg2 91. Rg8+ Kh3 92.
Ke3 Rh4 93. Kd4 0-1